000 00354pam a2200157a 44500
008 230515b1983 xxu||||| |||| 00| 0 eng d
020 _aNULL
041 _aENGLISH
082 _a630
100 _a4842-1982
245 _aMETHODS FOR TRANSVERSE TESTING OF HARD METALS
250 _a0
260 _aDELHI
_bISI
_c1983
300 _a12
650 _aNULL
999 _c652126
_d652126